[Event "Euro Online U2300 Day 1"]
[Site "chess.com INT"]
[Date "2020.05.25"]
[Round "2"]
[White "Hovsepyan, Vardan"]
[Black "Stamos, Filippos"]
[Result "1/2-1/2"]
[WhiteElo "2231"]
[BlackElo "2152"]
[WhiteFideId "13304291"]
[BlackFideId "4242807"]
[EventDate "2020.05.25"]

1. e4 e5 2. Nf3 Nc6 3. Bb5 a6 4. Ba4 Nf6 5. O-O Be7 6. Re1 b5 7. Bb3 d6 8. c3
O-O 9. h3 Na5 10. Bc2 c5 11. d4 exd4 12. cxd4 Nc6 13. Nc3 Bb7 14. a3 Nd7 15. Nd5
Nf6 16. Nxe7+ Nxe7 17. Bg5 Ng6 18. dxc5 dxc5 19. Qxd8 Rfxd8 20. e5 Bxf3 21. gxf3
h6 22. Bxf6 gxf6 23. exf6 Rd6 24. Rad1 Rad8 25. Rxd6 Rxd6 26. Re8+ Kh7 27. h4 h5
28. Re5 Rxf6 29. Rxh5+ Kg7 30. Bxg6 Rxg6+ 31. Kf1 c4 32. Rc5 Re6 33. a4 Rb6 34.
axb5 Rxb5 35. Rxc4 Rxb2 36. Ra4 Rb6 37. Kg2 Kh6 38. Kg3 Rf6 39. Ra5 Kg6 40. f4
Rb6 41. Kg4 Kg7 42. h5 Kh6 43. Rf5 Kg7 44. Rc5 Kh6 45. Rc7 Kg7 46. Ra7 Kf6 47.
f5 Kg7 48. Kg5 Rc6 49. Rb7 Rd6 50. Rb4 a5 51. Ra4 Ra6 52. f4 f6+ 53. Kg4 Kh6 54.
Kh4 Kg7 55. Kg4 Kh6 56. Kh4 Kg7 57. Kg3 Kh6 58. Kg4 Kg7 59. Kh4 Kh6 60. Kg4 Kg7
61. Kh4 Kh6 62. Kg4 1/2-1/2

[Event "Euro Online U2300 Day 1"]
[Site "chess.com INT"]
[Date "2020.05.25"]
[Round "2"]
[White "Sustov, Savva"]
[Black "Green, Golan"]
[Result "1-0"]
[WhiteElo "1710"]
[BlackElo "2211"]
[WhiteFideId "13908715"]
[BlackFideId "2803984"]
[EventDate "2020.05.25"]

1. e4 e6 2. d4 d5 3. e5 c5 4. c3 Nc6 5. Nf3 Bd7 6. a3 f6 7. Bf4 Nge7 8. b4 cxb4
9. cxb4 Ng6 10. Bg3 f5 11. Qd2 Be7 12. Nc3 O-O 13. h3 Rc8 14. Rb1 Qc7 15. Ne2 b5
16. Nf4 Nxf4 17. Bxf4 Qb6 18. Be2 Be8 19. O-O Bh5 20. Rfd1 a6 21. Be3 Qd8 22.
Nh2 Bxe2 23. Qxe2 Nb8 24. f4 Nd7 25. Nf3 Nb6 26. Rbc1 Rc4 27. Nd2 Rxc1 28. Rxc1
Nc4 29. Nxc4 dxc4 30. Qf3 Qd7 31. Rd1 Rd8 32. Kf2 g6 33. Ke2 a5 34. g4 axb4 35.
gxf5 exf5 36. d5 bxa3 37. d6 Bf8 38. Qd5+ Kh8 39. Qd4 Bg7 40. Qd5 Re8 41. Rb1 a2
42. Ra1 g5 43. Rxa2 gxf4 44. Bxf4 h6 45. Rb2 c3 46. Rxb5 c2 47. Rc5 Qa4 48. Qc6
Qxf4 49. Qxe8+ Kh7 50. Qc6 Qh2+ 51. Kd3 Bxe5 52. Qd7+ Kg6 53. Qe6+ Kg5 54. Qe7+
Kh5 55. Qf7+ Kh4 56. Qxf5 Qg3+ 57. Kxc2 Bxd6 58. Qh5# 1-0

[Event "Euro Online U2300 Day 1"]
[Site "chess.com INT"]
[Date "2020.05.25"]
[Round "2"]
[White "Simonovic, Miroslav"]
[Black "Tymrakiewicz, Rafal"]
[Result "0-1"]
[WhiteTitle "CM"]
[BlackTitle "FM"]
[WhiteElo "2129"]
[BlackElo "2253"]
[WhiteFideId "919152"]
[BlackFideId "1108832"]
[EventDate "2020.05.25"]

1. d4 d5 2. Bg5 c6 3. e3 Qb6 4. b3 Bf5 5. Bd3 Bxd3 6. Qxd3 Nd7 7. f4 Ngf6 8. Nd2
e6 9. Ngf3 c5 10. O-O Bd6 11. Ne5 cxd4 12. Nxd7 Nxd7 13. exd4 h6 14. Bh4 g5 15.
Bg3 gxf4 16. Bxf4 e5 17. Rae1 O-O-O 18. Bg3 Rhf8 19. Kh1 e4 20. Qc3+ Kb8 21.
Bxd6+ Qxd6 22. Qa5 f5 23. g3 Rde8 24. Rf4 Rf6 25. Nf1 e3 26. Nxe3 Rfe6 27. Rff1
b6 28. Qd2 Nf6 29. Ng2 Ne4 30. Qf4 Qxf4 31. gxf4 Rc8 32. Ne3 Rec6 33. Re2 Rc3
34. Rg1 Nf2+ 35. Kg2 Ng4 36. Nxg4 fxg4 37. Rge1 Rxc2 38. Kg3 Rxe2 39. Rxe2 h5
40. Re5 Rc3+ 41. Kh4 Rh3+ 42. Kg5 Rxh2 43. Rxd5 g3 44. Rd8+ Kc7 45. Rg8 g2 46.
Kf6 h4 47. f5 h3 48. Ke7 Rh1 49. f6 Re1+ 50. Kf8 g1=Q 51. Rxg1 Rxg1 52. f7 Rf1
53. Ke8 h2 54. d5 Kd6 55. f8=Q+ Rxf8+ 56. Kxf8 h1=Q 0-1

[Event "Euro Online U2300 Day 1"]
[Site "chess.com INT"]
[Date "2020.05.25"]
[Round "2"]
[White "Kharitonov, Sergei"]
[Black "Usov, Aleksandr E."]
[Result "0-1"]
[WhiteElo "2127"]
[BlackElo "2069"]
[WhiteFideId "4129750"]
[BlackFideId "24257109"]
[EventDate "2020.05.25"]

1. e4 c6 2. d4 d5 3. Nc3 dxe4 4. Nxe4 Nf6 5. Nxf6+ exf6 6. c3 Bd6 7. Bc4 O-O 8.
Ne2 Re8 9. Qb3 Qc7 10. a4 Bg4 11. f3 Bf5 12. Kf2 Bg6 13. h4 h5 14. g3 Nd7 15.
Bf4 Nb6 16. Bxd6 Qxd6 17. Nf4 Nxc4 18. Qxc4 Kh7 19. Rhe1 Rac8 20. Red1 Qe7 21.
Re1 Qd7 22. a5 b6 23. axb6 axb6 24. Rxe8 Rxe8 25. Qb4 Qc7 26. Ra6 c5 27. Qxb6
Qe7 28. Ra1 Qe3+ 29. Kg2 Qd2+ 30. Kh1 Bc2 31. Qxc5 Bd1 32. Qxh5+ Kg8 33. Ng2 Bc2
34. Kh2 Bg6 35. Qg4 Re2 36. Rg1 Bd3 37. Qf4 Qxb2 38. d5 Rd2 39. Qe3 Bf1 40. Qe8+
Kh7 41. Qxf7 Rxg2+ 42. Kh3 Rh2+ 43. Kg4 Bh3+ 44. Kh5 Bf5 45. g4 Rxh4+ 46. Kxh4
Qh2# 0-1

[Event "Euro Online U2300 Day 1"]
[Site "chess.com INT"]
[Date "2020.05.25"]
[Round "2"]
[White "Calin, Alexandru"]
[Black "Kuhn, Clement"]
[Result "0-1"]
[WhiteTitle "FM"]
[BlackTitle "CM"]
[WhiteElo "2107"]
[BlackElo "2150"]
[WhiteFideId "1222961"]
[BlackFideId "36099775"]
[EventDate "2020.05.25"]

1. d4 Nf6 2. Bg5 Ne4 3. Bf4 c5 4. f3 Nf6 5. d5 d6 6. Nc3 g6 7. e4 Bg7 8. Be2 O-O
9. Qd2 a6 10. a4 Nbd7 11. Nh3 Ne5 12. Bxe5 dxe5 13. Nf2 Ne8 14. Qe3 Qa5 15. Nd3
c4 16. Nf2 Nd6 17. O-O Bd7 18. Kh1 h5 19. Nb1 Kh7 20. Qc3 Qxc3 21. Nxc3 b5 22.
a5 Bh6 23. Nb1 Be3 24. c3 f5 25. Na3 Bxf2 26. Rxf2 fxe4 27. Nc2 exf3 28. Rxf3
Rxf3 29. Bxf3 Rf8 30. Kg1 e4 31. Be2 Bc8 32. Rf1 Rxf1+ 33. Bxf1 Nb7 34. g3 Nxa5
35. Bg2 Nb3 36. Bxe4 Nc5 37. Bf3 Nd3 38. Nd4 Nxb2 39. Nc6 Na4 40. Nxe7 Bd7 41.
Nc6 Nxc3 42. Ne5 Bc8 43. d6 b4 44. Bb7 b3 45. Nxc4 Be6 46. Bxa6 Kg7 47. Nb2 Kf6
48. Kf2 Ne4+ 49. Ke3 Nxd6 50. Kd4 Bf7 51. Be2 Nf5+ 52. Kc3 Ne3 53. Na4 Nd5+ 54.
Kb2 Ne3 55. Kc3 Ke5 56. Nc5 Ng4 57. Nxb3 Bxb3 58. Kxb3 Nxh2 59. Kc3 Kf5 60. Bd3+
Kg5 61. Kd2 Nf3+ 62. Ke3 Ne5 63. Be4 Nc4+ 64. Kf3 Nd2+ 65. Ke3 Nxe4 66. Kxe4 Kg4
67. Ke5 Kxg3 0-1

[Event "Euro Online U2300 Day 1"]
[Site "chess.com INT"]
[Date "2020.05.25"]
[Round "2"]
[White "Eynullayev, Atilla"]
[Black "Lagerman, Robert"]
[Result "0-1"]
[BlackTitle "FM"]
[WhiteElo "2347"]
[BlackElo "2298"]
[WhiteFideId "13413570"]
[BlackFideId "2300362"]
[EventDate "2020.05.25"]

1. e4 e5 2. Nf3 Nc6 3. Bb5 a6 4. Ba4 Nf6 5. O-O Nxe4 6. d4 b5 7. Bb3 d5 8. dxe5
Be6 9. Be3 Be7 10. c3 O-O 11. Nbd2 Nc5 12. Bc2 b4 13. Nb3 Ne4 14. Nbd4 Nxd4 15.
Nxd4 bxc3 16. Nxe6 fxe6 17. bxc3 g6 18. Qg4 Qd7 19. Bxe4 dxe4 20. Qxe4 Rad8 21.
Qc4 Qd5 22. Qxa6 Qxe5 23. Bd4 Qd6 24. Qe2 c5 25. Be5 Qc6 26. Rfe1 Bf6 27. Bxf6
Rxf6 28. Qe5 Rf5 29. Qxe6+ Qxe6 30. Rxe6 Rd2 31. f3 Rc2 32. Re7 Rg5 33. g3 Rd5
34. Rb1 Rd8 35. Re3 Rxa2 36. Rbe1 Kf8 37. R3e2 Rxe2 38. Rxe2 Rd3 39. f4 Rxc3 40.
Re6 Rc2 41. Rc6 c4 42. h4 c3 43. g4 Ke7 44. h5 gxh5 45. gxh5 Kd7 46. Rc4 Ke6 47.
Rc8 Kf5 48. h6 Kxf4 49. Rc6 Kg3 50. Kf1 Kf3 51. Kg1 Ke3 52. Rc8 Kd3 53. Rd8+ Ke2
54. Re8+ Kd1 55. Re7 Rd2 56. Rxh7 c2 57. Rc7 c1=Q 58. Rxc1+ Kxc1 59. h7 Rd8 0-1

[Event "Euro Online U2300 Day 1"]
[Site "chess.com INT"]
[Date "2020.05.25"]
[Round "2"]
[White "Burdalev, Kirill"]
[Black "Giannoulakis, Lampros"]
[Result "0-1"]
[WhiteTitle "FM"]
[BlackTitle "FM"]
[WhiteElo "2394"]
[BlackElo "2293"]
[WhiteFideId "14121913"]
[BlackFideId "4247019"]
[EventDate "2020.05.25"]

1. d4 d5 2. Nf3 Nf6 3. c4 e6 4. g3 dxc4 5. Bg2 Nc6 6. Qa4 Bb4+ 7. Bd2 Bxd2+ 8.
Nbxd2 Bd7 9. Qxc4 O-O 10. O-O Qe7 11. e4 Rfd8 12. Rfe1 Be8 13. Rac1 Rac8 14. Nb3
Qb4 15. Qc2 Qb6 16. e5 Nd5 17. Ng5 g6 18. Rcd1 Ncb4 19. Qb1 Ba4 20. Ne4 Nxa2 21.
Nbc5 Bxd1 22. Rxd1 Nab4 23. h4 Nc6 24. Qc1 Nce7 25. Nf6+ Kg7 26. h5 Ng8 27. hxg6
hxg6 28. Ng4 Qb4 29. Bf3 Nde7 30. Nd3 Qxd4 31. Kg2 Nf5 32. Nf4 Qb4 33. Rh1 Qd2
34. Qg1 Ngh6 35. Nxh6 Nxh6 36. Qh2 Rh8 37. Qh4 Qd8 38. Qh3 Nf5 39. Qg4 Rxh1 40.
Kxh1 Qh8+ 41. Kg2 Qh6 42. Nh3 Rd8 43. Qb4 Qd2 44. Qxb7 Ne3+ 45. Kg1 Qe1+ 46. Kh2
Nf1+ 47. Kg2 Ne3+ 48. fxe3 Rd2+ 49. Be2 Rxe2+ 50. Kf3 Qh1+ 51. Kxe2 Qxb7 52. Nf2
Qxb2+ 53. Kf3 Qb5 54. Ne4 Qxe5 55. Nd2 Qd5+ 56. Ke2 a5 57. Nf3 Qb5+ 0-1

[Event "Euro Online U2300 Day 1"]
[Site "chess.com INT"]
[Date "2020.05.25"]
[Round "2"]
[White "Bashirli, Nail"]
[Black "Borkovec, Milan"]
[Result "1-0"]
[WhiteTitle "IM"]
[WhiteElo "2382"]
[BlackElo "2219"]
[WhiteFideId "13406809"]
[BlackFideId "307610"]
[EventDate "2020.05.25"]

1. e4 e5 2. Nf3 Nc6 3. Nc3 Nf6 4. Bb5 Bb4 5. O-O O-O 6. d3 Bxc3 7. bxc3 d6 8.
Bg5 Qe7 9. d4 h6 10. Bh4 Bg4 11. Re1 a6 12. Bxc6 bxc6 13. h3 Bxf3 14. Qxf3 g5
15. Bg3 Nd7 16. h4 Rab8 17. Rab1 Kg7 18. hxg5 hxg5 19. Qf5 f6 20. f3 Nb6 21. Kf2
Rh8 22. Rh1 a5 23. c4 c5 24. dxe5 dxe5 25. Rbd1 Rxh1 26. Rxh1 Rh8 27. Rd1 Kf7
28. Ke2 Qe6 29. Qxe6+ Kxe6 30. Bf2 Rh2 31. Rg1 Kd6 32. Kd3 Kc6 33. Be3 Rh8 34.
Kc3 a4 35. a3 Rh2 36. Kd3 Nd7 37. Ke2 Nf8 38. Kd3 Ne6 39. c3 Rh8 40. Kc2 Rb8 41.
Rh1 Rb3 42. Rh6 Rxa3 43. Rxf6 Kd7 44. Rf7+ Ke8 45. Rf6 Ke7 46. Rf5 Ra2+ 47. Kb1
Re2 48. Bxg5+ Kd7 49. Rxe5 Rxg2 50. Bc1 Rf2 51. Rf5 Ke7 52. f4 Ng7 53. Rxc5 Ne6
54. Re5 Kd6 55. Rd5+ Kc6 56. f5 Nc5 57. Rxc5+ Kxc5 58. Be3+ Kxc4 59. Bxf2 Kxc3
60. f6 1-0

[Event "Euro Online U2300 Day 1"]
[Site "chess.com INT"]
[Date "2020.05.25"]
[Round "2"]
[White "Simet, Martin"]
[Black "Bjornsson, Gunnar"]
[Result "1-0"]
[WhiteTitle "FM"]
[WhiteElo "2194"]
[BlackElo "2131"]
[WhiteFideId "377244"]
[BlackFideId "2302039"]
[EventDate "2020.05.25"]

1. d4 Nf6 2. Nf3 g6 3. Bf4 Bg7 4. h3 d5 5. e3 c5 6. c3 Nc6 7. Be2 O-O 8. Nbd2
Bf5 9. O-O c4 10. b3 b5 11. bxc4 bxc4 12. Qa4 Bd7 13. Qa3 Re8 14. Rab1 Nh5 15.
Bh2 e5 16. dxe5 Nxe5 17. Nd4 Qh4 18. N2f3 Nxf3+ 19. Bxf3 Bxd4 20. cxd4 Nf6 21.
Bg3 Qg5 22. Rb7 Bf5 23. Rxa7 Rxa7 24. Qxa7 Be4 25. Be2 Nh5 26. h4 Qf5 27. Be5
Bd3 28. g4 Qe4 29. Qd7 Nf6 30. Bxd3 Nxd7 31. Bxe4 dxe4 32. Bd6 Ra8 33. a3 f5 34.
g5 Kf7 35. Rb1 Ke6 36. Bb4 Rb8 37. Rc1 Kd5 38. Kg2 Nb6 39. h5 Na4 40. hxg6 hxg6
41. Kf1 Nb2 42. Ke2 Nd3 43. Rb1 c3 44. Kd1 Kc4 45. Kc2 Nxf2 46. Rb3 Ng4 47.
Rxc3+ Kd5 48. Rc5+ Ke6 49. Rc6+ Kf7 50. Kd2 Rh8 51. Rc7+ Ke6 52. Rc6+ Kf7 53. d5
Rh2+ 54. Kc3 Rh1 55. Rc7+ Kg8 56. d6 Rc1+ 57. Kd4 Rd1+ 58. Kc5 Nxe3 59. d7 Rc1+
60. Kd6 Rd1+ 61. Ke6 f4 62. Rc8+ Kh7 63. d8=Q 1-0

[Event "Euro Online U2300 Day 1"]
[Site "chess.com INT"]
[Date "2020.05.25"]
[Round "2"]
[White "Adamczewski, Maciej"]
[Black "Laptii, Nazar"]
[Result "1-0"]
[WhiteElo "2045"]
[BlackElo "2180"]
[WhiteFideId "1148702"]
[BlackFideId "14174332"]
[EventDate "2020.05.25"]

1. d4 g6 2. c4 Bg7 3. Nf3 Nf6 4. Nc3 O-O 5. g3 d6 6. Bg2 Nbd7 7. O-O e5 8. e4 c6
9. Re1 Re8 10. h3 a5 11. Be3 exd4 12. Nxd4 Nc5 13. Qc2 a4 14. Rad1 Qa5 15. Kh2
h5 16. f4 Qb4 17. b3 axb3 18. axb3 Bd7 19. Ra1 h4 20. gxh4 Nh5 21. Na2 Qa3 22.
Nc3 Qxa1 23. Rxa1 Rxa1 24. b4 Ne6 25. Nde2 Bh6 26. Qd2 Rd8 27. Bf3 Nf6 28. Bg4
Bc8 29. Qb2 Ra8 30. Qc2 Ng7 31. Bf3 Be6 32. Qd3 Ra3 33. Bb6 Rd7 34. Bd4 Nfh5 35.
Be3 f5 36. Bc1 Rb3 37. b5 Rb4 38. bxc6 bxc6 39. Nd5 cxd5 40. exd5 Bf7 41. Ba3
Nxf4 42. Qe3 Rxc4 43. Nd4 Kh7 44. Bc1 Rdc7 45. Bd2 Rb7 46. h5 Rb2 47. hxg6+ Bxg6
48. Kh1 Ra4 49. Ne2 Ra1+ 50. Kh2 Raa2 51. Nxf4 Rxd2+ 52. Kg3 Rdb2 53. Qe7 Bxf4+
54. Kxf4 Rb4+ 55. Kg5 Ra1 56. Kf6 Kh6 57. Qxg7# 1-0

[Event "Euro Online U2300 Day 1"]
[Site "chess.com INT"]
[Date "2020.05.25"]
[Round "2"]
[White "Shapkin, Anatoliy"]
[Black "Hoffmann, Hendrik"]
[Result "0-1"]
[BlackTitle "FM"]
[WhiteElo "2283"]
[BlackElo "2250"]
[WhiteFideId "34108332"]
[BlackFideId "4618130"]
[EventDate "2020.05.25"]

1. d4 d5 2. c4 dxc4 3. Nf3 Nf6 4. e3 e6 5. Bxc4 a6 6. O-O c5 7. Qe2 b5 8. Bb3
Bb7 9. Rd1 Qb6 10. Nc3 Nbd7 11. a4 b4 12. Nb1 Ne4 13. Nbd2 Nxd2 14. Nxd2 cxd4
15. Nc4 Qc6 16. f3 dxe3 17. Rxd7 Qxd7 18. Nb6 Qd8 19. Bxe3 Be7 20. Rd1 Qb8 21.
Nxa8 Qxa8 22. a5 O-O 23. Rd7 Bf6 24. Bb6 Bc6 25. Rd6 Bb5 26. Qd2 Qc8 27. g3 Be5
28. Rd8 Rxd8 29. Bxd8 Bxb2 30. Be7 Bc3 31. Qd6 h6 32. Kg2 Qd7 33. Qxd7 Bxd7 34.
Bc4 b3 35. Bxb3 Bxa5 36. Kf2 f6 37. Ke3 Kf7 38. Bc5 Ke8 39. f4 Be1 40. Bc4 a5
41. Kd3 a4 42. Kc2 g5 43. Bd4 gxf4 44. gxf4 f5 45. Bg7 h5 46. Be5 Kf7 47. Be2
Kg6 48. Bf3 Bb5 49. Bb7 Bb4 50. Bc8 Bc4 51. Bb7 a3 52. Bf3 Bd5 53. Be2 h4 54.
Bf1 Bc5 55. Be2 Bg2 56. Bc4 Kf7 57. Kd2 Bg1 58. Ke2 Bxh2 59. Bd6 Be4 60. Kf2
Bg3+ 61. Kg1 h3 0-1

[Event "Euro Online U2300 Day 1"]
[Site "chess.com INT"]
[Date "2020.05.25"]
[Round "2"]
[White "Eigminas, Kipras"]
[Black "Baghirov, Javanshir"]
[Result "0-1"]
[WhiteElo "2116"]
[BlackElo "1969"]
[WhiteFideId "12808423"]
[BlackFideId "13404318"]
[EventDate "2020.05.25"]

1. e4 c5 2. Nf3 a6 3. c3 d5 4. exd5 Qxd5 5. d4 Nc6 6. dxc5 Qxd1+ 7. Kxd1 e5 8.
Be3 Nf6 9. Bc4 Ng4 10. Re1 Nxe3+ 11. Rxe3 Bxc5 12. Re2 Bg4 13. Nbd2 O-O-O 14.
Ke1 f6 15. b4 Bb6 16. a4 a5 17. h3 Bh5 18. b5 Ne7 19. Rc1 Rhe8 20. g4 Bg6 21.
Nh4 Bd3 22. Bxd3 Rxd3 23. Nc4 Bc5 24. Nxa5 Rxh3 25. Ng2 Rh2 26. Ne3 Ng6 27. Nb3
Ba7 28. Nd5 Rd8 29. c4 Nf4 30. Rec2 Nd3+ 31. Kd2 Nxc1 32. Kxc1 Rxf2 33. b6 Rxc2+
34. Kxc2 Bb8 35. Kd3 Rh8 36. Ke4 h5 37. gxh5 Rxh5 38. Nc5 Bd6 39. Ne6 Rh4+ 40.
Kd3 Rh7 41. c5 Rh3+ 42. Kc4 Bb8 43. Nxg7 Rf3 44. a5 f5 45. a6 bxa6 46. c6 Bd6
47. Ne8 Ba3 48. b7+ Kb8 49. Nb6 Rf4+ 50. Kd5 Rd4+ 51. Kxe5 Re4+ 52. Kxf5 Rxe8
53. Nd7+ Kc7 54. b8=Q+ Rxb8 55. Nxb8 Kxb8 56. Ke6 Kc7 57. Kd5 Bd6 58. Kc4 Kxc6
59. Kb3 0-1

[Event "Euro Online U2300 Day 1"]
[Site "chess.com INT"]
[Date "2020.05.25"]
[Round "2"]
[White "Narva, Mai"]
[Black "Slizunkov, Dmitry"]
[Result "0-1"]
[WhiteTitle "WIM"]
[WhiteElo "2333"]
[BlackElo "2120"]
[WhiteFideId "4500512"]
[BlackFideId "34185949"]
[EventDate "2020.05.25"]

1. e4 c6 2. Nf3 d5 3. Nc3 dxe4 4. Nxe4 Nf6 5. Qe2 Bf5 6. Nxf6+ gxf6 7. d4 e6 8.
c4 Bb4+ 9. Bd2 Qa5 10. a3 Bxd2+ 11. Qxd2 Qxd2+ 12. Nxd2 O-O 13. Be2 Rd8 14. Nf3
Be4 15. Rd1 Nd7 16. O-O Nb6 17. c5 Nd5 18. Nd2 Bg6 19. Nc4 Nf4 20. Rfe1 Nxe2+
21. Rxe2 Rd5 22. Nd6 b6 23. b4 bxc5 24. bxc5 Rb8 25. Re3 Rxd4 26. Rc1 Kf8 27. g3
Rb2 28. h4 h5 29. Rf3 Ra2 30. Rb3 Rdd2 31. Rf3 Rdc2 32. Rxc2 Rxc2 33. Rxf6 Rxc5
34. Rf4 Rd5 35. Nb7 Rb5 36. Nd8 c5 37. Nc6 a6 38. Ra4 Rb6 39. Ne5 Kg7 40. Rc4
Rb3 41. Ra4 Rb6 42. Nd7 Rc6 43. Rc4 Bd3 44. Rxc5 Rxc5 45. Nxc5 Be2 46. f4 Kf6
47. Kf2 Bc4 48. Nd7+ Ke7 49. Ne5 Bd5 50. Ke3 f6 51. Nd3 Kd6 52. Kd4 Bg2 53. Nc5
e5+ 54. fxe5+ fxe5+ 55. Kc4 Bf1+ 56. Kb4 a5+ 57. Kxa5 Kxc5 58. a4 e4 59. g4 e3 0-1

[Event "Euro Online U2300 Day 1"]
[Site "chess.com INT"]
[Date "2020.05.25"]
[Round "2"]
[White "Volpinari, Danilo"]
[Black "Pauly, Carlo"]
[Result "0-1"]
[WhiteTitle "FM"]
[BlackTitle "FM"]
[WhiteElo "1952"]
[BlackElo "2277"]
[WhiteFideId "11800054"]
[BlackFideId "24673269"]
[EventDate "2020.05.25"]

1. d4 Nf6 2. Bg5 c5 3. e3 e6 4. c3 Nc6 5. Nf3 h6 6. Bh4 b6 7. Nbd2 Bb7 8. Bd3
Be7 9. h3 cxd4 10. exd4 Nh5 11. Bxe7 Nxe7 12. O-O Nf4 13. Be4 d5 14. Bc2 O-O 15.
Re1 Neg6 16. Ne5 Nxe5 17. Rxe5 Ba6 18. Qf3 Qf6 19. Kh2 Rab8 20. g3 Nd3 21. Bxd3
Qxf3 22. Nxf3 Bxd3 23. Re3 Be4 24. Ne5 Rfc8 25. a3 Rb7 26. Nd3 Kf8 27. Rae1 Ke7
28. f3 Bxd3 29. Rxd3 Kd6 30. Kg2 a5 31. Kf2 b5 32. Ke3 b4 33. cxb4 axb4 34. Rb3
Rcb8 35. Rc1 bxa3 36. Rxb7 Rxb7 37. bxa3 Rb3+ 38. Kf4 Rxa3 39. h4 Rd3 40. g4
Rxd4+ 41. Kg3 Ra4 42. h5 e5 43. Rc8 Ke6 44. Rc6+ Kd7 45. Rc5 Rd4 46. Ra5 Rd1 47.
Ra7+ Ke6 48. Ra6+ Ke7 49. Ra7+ Kf6 50. Ra6+ Kg5 51. Ra7 Kf6 52. Ra6+ Ke7 53.
Ra7+ Kd6 54. Ra6+ Kc5 55. Ra7 d4 56. Rxf7 d3 57. Rxg7 Kd4 58. Kf2 Rd2+ 59. Ke1
Re2+ 60. Kd1 Rf2 61. Rd7+ Ke3 62. Ke1 d2+ 63. Kd1 Rf1+ 64. Kc2 Rc1+ 65. Kb2 d1=Q 0-1

[Event "Euro Online U2300 Day 1"]
[Site "chess.com INT"]
[Date "2020.05.25"]
[Round "2"]
[White "Navumenka, Mikhei"]
[Black "Sjoberg, Isak"]
[Result "0-1"]
[WhiteTitle "CM"]
[WhiteElo "2105"]
[BlackElo "2189"]
[WhiteFideId "13514075"]
[BlackFideId "1521640"]
[EventDate "2020.05.25"]

1. d4 Nf6 2. Nf3 g6 3. c4 Bg7 4. g3 O-O 5. Bg2 d6 6. O-O Nc6 7. Nc3 a6 8. Qd3 e5
9. d5 Ne7 10. e4 Rb8 11. b4 h6 12. c5 Nd7 13. cxd6 cxd6 14. Nd2 f5 15. Nc4 Nf6
16. Be3 b6 17. Rac1 Ng4 18. Bd2 Nf6 19. f4 fxe4 20. Nxe4 Nxe4 21. Bxe4 b5 22.
Na5 Bh3 23. Rf2 exf4 24. Bxf4 g5 25. Be3 Rxf2 26. Bxf2 Qf8 27. Nc6 Rc8 28. Re1
Rc7 29. Bb6 Rb7 30. Bd4 Kh8 31. Bg2 Bf5 32. Qc3 Ng6 33. Rf1 Rf7 34. Bxg7+ Qxg7
35. Nd4 Rc7 36. Qe3 Bg4 37. h3 Bd7 38. Kh2 Ne5 39. Nf3 Nc4 40. Qe4 Rc8 41. Nd4
Nd2 42. Qd3 Nxf1+ 43. Bxf1 Rf8 44. Bg2 Rf2 45. Qe3 Rxa2 46. Ne6 Qb2 47. Qf3
Qxg2+ 48. Qxg2 Rxg2+ 49. Kxg2 Bxe6 50. dxe6 Kg7 51. Kf3 Kf6 52. Ke4 Kxe6 53. Kd4
h5 54. Ke4 d5+ 55. Kd4 Kd6 56. g4 hxg4 57. hxg4 Ke6 58. Kc5 Ke5 59. Kb6 d4 60.
Kxa6 d3 61. Kxb5 d2 62. Kc6 d1=Q 63. b5 Qd8 64. b6 Qb8 65. b7 Kf4 66. Kb6 Kxg4
67. Kc6 Kf4 68. Kb6 g4 69. Kc6 g3 70. Kb6 g2 71. Ka6 g1=Q 72. Ka5 Qga7+ 73. Kb5
Qbxb7+ 74. Kc4 Qc6+ 75. Kd3 Qad7+ 76. Ke2 Qe4+ 77. Kf2 Qf3+ 78. Ke1 Qdd1# 0-1

[Event "Euro Online U2300 Day 1"]
[Site "chess.com INT"]
[Date "2020.05.25"]
[Round "2"]
[White "Thorsbro, Peter"]
[Black "Malovanyi, Yulian"]
[Result "1/2-1/2"]
[BlackTitle "FM"]
[WhiteElo "2144"]
[BlackElo "2311"]
[WhiteFideId "1406671"]
[BlackFideId "14171198"]
[EventDate "2020.05.25"]

1. d4 g6 2. c4 d6 3. Nc3 Bg7 4. e4 e5 5. Be3 exd4 6. Bxd4 Nf6 7. Nf3 O-O 8. Be2
Nc6 9. Be3 Re8 10. Qc2 Bg4 11. Rd1 Qc8 12. O-O Bxf3 13. Bxf3 a5 14. a3 Qe6 15.
Nd5 Rac8 16. Nxf6+ Bxf6 17. h3 Ra8 18. b3 Qe5 19. Rd2 Qc3 20. Qxc3 Bxc3 21. Rc2
Bd4 22. Bg5 Bc5 23. Bc1 f6 24. Bb2 Kg7 25. Rd1 Ne5 26. Be2 g5 27. Kf1 Ng6 28. g3
Rxe4 29. Bf3 Re7 30. Rd3 Ne5 31. Bxe5 fxe5 32. Bxb7 Rb8 33. Be4 Bxa3 34. g4 Rf7
35. Kg2 Bc5 36. f3 Rff8 37. Kg3 Rb6 38. Ra2 Ra6 39. h4 gxh4+ 40. Kxh4 h6 41. Kg3
Rb8 42. f4 exf4+ 43. Kxf4 Rab6 44. Rxa5 Rxb3 45. Rxb3 Rxb3 46. Ra8 Rc3 47. Bd5
c6 48. Bxc6 Rxc4+ 49. Kf5 Rc1 50. Bd5 Rf1+ 51. Ke6 Re1+ 52. Kd7 Re5 53. Be6 Kf6
54. Rf8+ Kg5 55. Rg8+ Kf4 56. Rh8 d5 57. Rxh6 d4 58. Bc4 Ke3 59. Re6 Rxe6 60.
Kxe6 d3 61. g5 d2 62. Bb3 Bd4 63. g6 Kd3 64. Kf7 Kc3 65. Ba4 Kb4 66. Bd1 Kc3 67.
Kf8 Be5 68. g7 Bxg7+ 69. Kxg7 Kb2 70. Kf6 Kc1 71. Bh5 d1=Q 72. Bxd1 1/2-1/2

[Event "Euro Online U2300 Day 1"]
[Site "chess.com INT"]
[Date "2020.05.25"]
[Round "2"]
[White "Heinmets, Tonu"]
[Black "Ulyankin, Igor"]
[Result "0-1"]
[WhiteElo "1886"]
[BlackElo "1936"]
[WhiteFideId "4500962"]
[BlackFideId "24109169"]
[EventDate "2020.05.25"]

1. Nf3 c5 2. g3 Nc6 3. Bg2 g6 4. O-O Bg7 5. d3 Nf6 6. e4 d6 7. c3 O-O 8. Nbd2
Ne8 9. a4 Rb8 10. Nc4 Bd7 11. Re1 b6 12. e5 d5 13. Na3 a6 14. Nc2 Nc7 15. Bf4
Ne6 16. Qd2 Nxf4 17. Qxf4 e6 18. Ne3 b5 19. axb5 Rxb5 20. Ng4 Rxb2 21. Nf6+ Bxf6
22. exf6 a5 23. Qh4 Rb8 24. g4 h6 25. h3 Rb3 26. Rac1 a4 27. Nh2 Kh7 28. g5 h5
29. Bf3 Rh8 30. Ng4 Kg8 31. Nh6+ Rxh6 32. gxh6 Kh7 33. Qg5 a3 34. Bxh5 a2 35.
Bg4 Qb6 36. Qd2 Ra3 37. Ra1 d4 38. cxd4 Nxd4 39. Rxa2 Rxa2 40. Qxa2 Bc6 41. Rb1
Qd8 42. Re1 Qxf6 43. Re3 Qe7 44. Qa5 Kxh6 45. Qe1 f5 46. Bd1 f4 47. Re5 Bf3 48.
Qd2 Qh4 49. Kh2 Bxd1 50. Qxd1 Qxf2+ 51. Kh1 Nf5 52. Rxf5 exf5 53. Qc1 Qe3 54.
Qc2 Qxh3+ 55. Kg1 Qg3+ 56. Kf1 Qe3 57. Qh2+ Kg7 58. Qh4 Qxd3+ 59. Kg1 Qg3+ 60.
Qxg3 fxg3 0-1

[Event "Euro Online U2300 Day 1"]
[Site "chess.com INT"]
[Date "2020.05.25"]
[Round "2"]
[White "Trokhymyshyn, Sergii"]
[Black "Rusu, Vlad"]
[Result "0-1"]
[WhiteElo "2157"]
[BlackElo "1833"]
[WhiteFideId "14135604"]
[BlackFideId "55623344"]
[EventDate "2020.05.25"]

1. e4 e5 2. Nf3 Nc6 3. d4 exd4 4. Bc4 Nf6 5. O-O Nxe4 6. Re1 d5 7. Bxd5 Qxd5 8.
Nc3 Qa5 9. Nxe4 Be6 10. Neg5 O-O-O 11. Nxe6 fxe6 12. Rxe6 Be7 13. Ne5 Nxe5 14.
Rxe7 Rhe8 15. Rxe8 Rxe8 16. Bf4 Qb6 17. b3 Qf6 18. Bg3 Nc6 19. h3 Kb8 20. Qh5
Rh8 21. Re1 g6 22. Qe2 Rf8 23. a3 a6 24. b4 h5 25. h4 Qf5 26. a4 Nxb4 27. Qe7
Nd5 28. Qc5 d3 29. cxd3 Rd8 30. d4 Qf7 31. Rb1 Ka8 32. Rc1 Re8 33. Qc4 Qf5 34.
Qb3 c6 35. Rb1 Re7 36. a5 Qe4 37. Rc1 Nf4 38. Bxf4 Qxf4 39. Rd1 Re2 40. Qf3 Qxf3
41. gxf3 Kb8 42. d5 Kc7 43. Kg2 c5 44. f4 Kd6 45. Kf3 Ra2 46. Rb1 Rxa5 47. Rb6+
Kxd5 48. Rxg6 Ra3+ 49. Ke2 c4 50. f5 b5 51. f6 Ke6 52. Rg5 Kxf6 53. Rxh5 b4 54.
Rc5 c3 55. Kd3 a5 56. h5 Ra2 57. f4 a4 58. Rb5 Rd2+ 59. Ke3 b3 60. Rb6+ Kf5 61.
h6 a3 62. h7 Rh2 63. Rxb3 c2 64. Rc3 Rh3+ 65. Kd2 Rxc3 66. h8=Q c1=Q+ 67. Ke2
Re3+ 68. Kf2 Qe1+ 69. Kg2 Rg3+ 70. Kh2 Qg1# 0-1